000 00268nam a2200097Ia 4500
001 1299358
005 20260417170343.0
008 260417s9999 xx 000 0 und d
245 0 _aERDEMLER-2 ÖZVERİLİ DAVRANIYORUM
_cNecla SAYDAM
260 _bTİMAŞ ÇOCUK YAYINLARI
999 _c1299358
_d1299358